DiCaprio 2 Tracklist (JID) - Statistics

General Stats
  • This quiz has been taken 25 times
  • The average score is 8 of 14
Answer Stats
Hint Answer % Correct
4 (ft J. Cole) Off Deez
100%
5 151 Rum
87%
9 (ft BJ The Chicago Kid) Skrawberries
73%
3 (ft A$AP Ferg) Westbrook
73%
8 (ft 6LACK, Ella Mai) Tiiied
67%
10 (ft Method Man, Joey Bada$$) Hot Box
60%
6 Off Da Zoinkys
60%
7 Workin Out
53%
14 Hasta Luego - Bonus
47%
11 Mounted Up
47%
2 Slick Talk
47%
13 Despacito Too
40%
1 Frequency Change
40%
12 Just Da Other Day
40%
No matching quizzes found
Score Distribution
Percent of People with Each Score
Percentile by Number Answered
Your Score History
You have not taken this quiz